000 00818nab a2200253 u 4500
001 21004
003 HDC
007 cr bn ---aaaaa
008 210307b2015mmddmy d||ne||||| 00| 0 may d
040 _aHDC
100 _aLaupa Junus
_97737
245 0 _aPenghasilan gelatin halal
_c/ Laupa Junus
260 _aMalaysia:
_bMedia Mulia,
_c2015
300 _a1 online resource (page 4)
336 _atext
_2rdacontent
337 _acomputer
_2rdamedia
338 _aonline resource
_2rdacarrier
650 _aGelatin
_xReligious aspects
_xIslam
_918743
710 _aUtusan Malaysia
856 _zRequest full-text at [email protected]
942 _2lcc
942 _cNEWS
942 _kNWSC 002669
999 _c18320
_d18320